Drugie największe miasto każdego landu - Niemcy - Statystyki

Ogólne statystyki
  • Ten quiz został rozwiązany 22 razy
  • Średni wynik to 7 z 14
Statystyki odpowiedzi
Odpowiedź % Poprawnych
Drezno
95%
Düsseldorf
75%
Norymberga
65%
Lubeka
60%
Halle (Saale)
55%
Bremerhaven
50%
Brunszwik
50%
Chociebuż
50%
Jena
45%
Schwerin
45%
Wiesbaden
40%
Mannheim
25%
Ludwigshafen am Rhein
15%
Neunkirchen
10%
Nie znaleziono quizów pasujących do podanych kryteriów
Rozkład punktacji
Procent ludzi z każdym wynikiem
Percentyl według liczby udzielonych odpowiedzi
Twoja historia wyników
Nie rozwiązałeś tego quizu